000 00687nam a22002177a 4500
999 _c61752
_d61752
005 20240426173042.0
008 240426s2005 enk||||| |||| 00| 0 eng d
020 _a9780721601878x
041 _aeng
080 _a616-006 K-91
100 _aKumar, Vinay
_921063
245 _aRobbins & Cotran Pathologic Basis of Disease /
_cVinay Kumar, Nelso Fausto, Abul Abbas.
264 _aPhiladelphia :
_bSaunders,
_c2005.
300 _a1525 p.
500 _a+1 CD
653 _aპათოლოგია
653 _aმედიცინა
700 _aFausto, Nelso
_eავტორი
_921967
700 _a Abbas, Abul
_eავტორი
_921968
942 _2udc
_cᲬᲘᲒᲜᲘ